The business year : (Registro nro. 11762)

Detalles MARC
000 -LEADER
fixed length control field 01009nam a2200253Ia 4500
003 - CONTROL NUMBER IDENTIFIER
control field OSt
005 - DATE AND TIME OF LATEST TRANSACTION
control field 20240209205348.0
008 - FIXED-LENGTH DATA ELEMENTS--GENERAL INFORMATION
fixed length control field 210310s2015 xxkabcdgr 000 0 eng d
020 ## - INTERNATIONAL STANDARD BOOK NUMBER
International Standard Book Number 9781908180315
040 ## - CATALOGING SOURCE
Original cataloging agency CO-JMCR
Transcribing agency CO-JMCR
Language of cataloging spa
Modifying agency CO-JMCR
Description conventions rda
041 0# - LANGUAGE CODE
Language code of text/sound track or separate title eng
082 04 - DEWEY DECIMAL CLASSIFICATION NUMBER
Classification number 338.809861 /
Item number C718b
Edition number 23
110 1# - MAIN ENTRY--CORPORATE NAME
Corporate name or jurisdiction name as entry element Colombia.
9 (RLIN) 8040
245 #4 - TITLE STATEMENT
Title The business year :
Remainder of title Colombia 2014.
260 ## - PUBLICATION, DISTRIBUTION, ETC.
Place of publication, distribution, etc. [Bogotá] :
Name of publisher, distributor, etc. Medellin's Municipality,
Date of publication, distribution, etc. 2014
300 ## - PHYSICAL DESCRIPTION
Extent 188 páginas :
Other physical details ilustraciones, gráficos, fotografías y mapas a color ;
Dimensions 27 cm.
490 ## - SERIES STATEMENT
Series statement The business year
505 0# - FORMATTED CONTENTS NOTE
Formatted contents note Diplomacy. -- Economy. -- Finance. -- Energy y Mining. -- Industry. -- Transport. -- Real estate y construction. -- Agriculture. -- Health y education. -- Tourism. -- Executive guie.
650 14 - SUBJECT ADDED ENTRY--TOPICAL TERM
Topical term or geographic name entry element Desarrollo industrial
Chronological subdivision 2014.
Geographic subdivision Colombia
9 (RLIN) 26383
650 24 - SUBJECT ADDED ENTRY--TOPICAL TERM
Topical term or geographic name entry element Empresarios
General subdivision Entrevistas
9 (RLIN) 37734
650 24 - SUBJECT ADDED ENTRY--TOPICAL TERM
Topical term or geographic name entry element Desarrollo económico
Geographic subdivision Colombia
9 (RLIN) 6913
650 24 - SUBJECT ADDED ENTRY--TOPICAL TERM
Topical term or geographic name entry element Industrias
Geographic subdivision Colombia
9 (RLIN) 37735
942 ## - ADDED ENTRY ELEMENTS (KOHA)
Source of classification or shelving scheme Dewey Decimal Classification
Koha item type Books
Existencias
Withdrawn status Lost status Source of classification or shelving scheme Damaged status Not for loan Home library Current library Shelving location Date acquired Source of acquisition Full call number Barcode Date last seen Copy number Price effective from Koha item type
    Dewey Decimal Classification     Biblioteca Pública José María del Castillo y Rada Biblioteca Pública José María del Castillo y Rada General Stacks 04/15/2018 Donación 338.809861 / C718b 430002671 05/16/2024 Ej.1 03/10/2021 Books